| 000 | 00491nam a2200169 4500 | ||
|---|---|---|---|
| 005 | 20171101095515.0 | ||
| 008 | 171101b xxu||||| |||| 00| 0 eng d | ||
| 040 | _cPK-LaUMT | ||
| 082 |
_a621.3815 _bBOY-E |
||
| 100 | _aBoylestad, Robert L. | ||
| 245 |
_aElectronic devices and circuit theory / _cRobert L. Boylestad and Louis Nashelsky |
||
| 250 | _a11th ed. | ||
| 260 |
_aDelhi : _bPearson, _c2015 _c2nd impression 2016 |
||
| 300 | _a932 p. | ||
| 650 | _aElectronic devices | ||
| 942 | _cBK | ||
| 999 |
_c99732 _d99732 |
||